000 01242nam a2200313 i 4500
003 EG-GICUC
005 20260502081848.0
008 260502s1843 enka|||fr|||| 001 0 eng d
040 _aEG-GiCUC
_beng
_cEG-GiCUC
_dEG-GiCUC
_erda
041 0 _aeng
082 0 4 _221
_a342
_bHO . M
092 0 4 _221
099 _aLaw1 08 342 HO . M 2 ed - 1843
100 1 _a Holt Yates, William
_eAuthor.
245 1 0 _aModern History And Condition Of Egypt:
_bIts Climate, Diseases, And Capabilities; Exhibited In A Personal Narrative Of Travels In That Country: With An Account Of The Proceedings Of Mohammed Ali Pascha From 1801 Το 1843;
_cWilliam Holt Yates.
250 _aVol. II
264 1 _aLondon:
_bSmitii, Elder And Co;
_c1843.
300 _a536 pages :
_billustrations,
_c24 cm
336 _2rda content
_atext
337 _2rda media
_aComputer
338 _2rda carrier
_aOnline Resource
500 _aInturafensed With Illustrations Of Scripture Lecole The Pulfilment Of Prophecy, And The Progress Of Civilization In The East.
546 _aText in English
650 1 _aConstitutional law
_2qrmak
651 1 _2qrmak
856 4 0 _uhttps://fll.law.cu.edu.eg/fulltext/bks/B08-04923.pdf
905 _a158
942 _2ddc
_n0
_cBK
_e21
999 _c74705
_d74705